Foundations of African social thought : (Record no. 3109)

MARC details
000 -LEADER
fixed length control field 00929nam a2200277 a 4500
001 - CONTROL NUMBER
control field 3085981
003 - CONTROL NUMBER IDENTIFIER
control field OSt
005 - DATE AND TIME OF LATEST TRANSACTION
control field 20160229175341.0
008 - FIXED-LENGTH DATA ELEMENTS--GENERAL INFORMATION
fixed length control field 980723s1997 gh b f001 0 eng
010 ## - LIBRARY OF CONGRESS CONTROL NUMBER
LC control number 97949877
020 ## - INTERNATIONAL STANDARD BOOK NUMBER
International Standard Book Number 9964302193
040 ## - CATALOGING SOURCE
Original cataloging agency DLC
Transcribing agency DLC
042 ## - AUTHENTICATION CODE
Authentication code lcode
043 ## - GEOGRAPHIC AREA CODE
Geographic area code f------
050 00 - LIBRARY OF CONGRESS CALL NUMBER
Classification number HM22.A46
Item number A77 1997
082 00 - DEWEY DECIMAL CLASSIFICATION NUMBER
Classification number 301
Edition number 21
Item number ASS 1997
100 1# - MAIN ENTRY--PERSONAL NAME
Personal name Assimeng, J. M.
9 (RLIN) 6902
245 10 - TITLE STATEMENT
Title Foundations of African social thought :
Remainder of title a contribution to the sociology of knowledge /
Statement of responsibility, etc. Max Assimeng.
260 ## - PUBLICATION, DISTRIBUTION, ETC. (IMPRINT)
Place of publication, distribution, etc. Accra :
Name of publisher, distributor, etc. Ghana Universities Press,
Date of publication, distribution, etc. 1997.
300 ## - PHYSICAL DESCRIPTION
Extent 148 p. ;
Dimensions 22 cm.
504 ## - BIBLIOGRAPHY, ETC. NOTE
Bibliography, etc Includes bibliographical references (p. [125]-140) and index.
650 #0 - SUBJECT ADDED ENTRY--TOPICAL TERM
Topical term or geographic name as entry element Sociology
Geographic subdivision Africa.
9 (RLIN) 6903
906 ## - LOCAL DATA ELEMENT F, LDF (RLIN)
a 7
b cbc
c origode
d 3
e ncip
f 19
g y-gencatlg
942 ## - ADDED ENTRY ELEMENTS (KOHA)
Source of classification or shelving scheme Dewey Decimal Classification
Koha item type Short Loan
Holdings
Withdrawn status Lost status Source of classification or shelving scheme Damaged status Not for loan Home library Current library Date acquired Inventory number Total Checkouts Full call number Barcode Date last seen Price effective from Koha item type
    Dewey Decimal Classification     MUST Main Library MUST Main Library 29/02/2016 1999/13321   301 ASS 1997 2016-0264 29/02/2016 29/02/2016 Short Loan